| Tag |
First Indicator |
Second Indicator |
Subfields |
| LEADER |
00000cam a2200000 i 4500 |
| 001 |
in00000482000 |
| 005 |
20151013052551.0 |
| 008 |
750814s1975 nyua 00010 eng |
| 010 |
|
|
|a 74018687
|
| 020 |
|
|
|a 0801568021
|
| 035 |
|
|
|a (OCoLC)01546168
|
| 035 |
|
|
|9 ACB6031AM
|
| 040 |
|
|
|c BYN
|d TXA
|d UtOrBLW
|
| 049 |
|
|
|a TXAM
|c [1236526]
|
| 050 |
0 |
0 |
|a PN4162
|b .M38 1975
|
| 100 |
1 |
|
|a Micali, Paul J.
|
| 245 |
1 |
0 |
|a Shortcuts to impressive speaking :
|b or, How to put yourself across /
|c by Paul J. Micali.
|
| 264 |
|
1 |
|a New York :
|b Hawthorn Books,
|c [1975]
|
| 264 |
|
4 |
|c ©1975
|
| 300 |
|
|
|a xiv, 152 pages :
|b illustrations ;
|c 22 cm.
|
| 336 |
|
|
|a text
|b txt
|2 rdacontent
|
| 337 |
|
|
|a unmediated
|b n
|2 rdamedia
|
| 338 |
|
|
|a volume
|b nc
|2 rdacarrier
|
| 650 |
|
0 |
|a Voice culture.
|
| 999 |
|
|
|a MARS
|
| 999 |
f |
f |
|s 652297d0-4c53-3d7f-b817-2ae6b348ddeb
|i 7f28f72d-3e3c-39ea-8b6c-bccaa7b74888
|t 0
|
| 952 |
f |
f |
|p normal
|a Texas A&M University
|b College Station
|c Sterling C. Evans Library
|d Evans: Library Stacks
|t 0
|e PN4162 .M38 1975
|h Library of Congress classification
|i unmediated -- volume
|m A14803720800
|
| 998 |
f |
f |
|a PN4162 .M38 1975
|t 0
|l Evans: Library Stacks
|